Statystyki dla Filozofowie i ich dzieła

Kliknij tutaj aby rozwiązać quiz!

Ogólne statystyki

  • Ten quiz został rozwiązany 40 razy
  • Średni wynik to 12 z 51

Statystyki odpowiedzi

HintOdpowiedź% Poprawnych
Obrona SokratesaPlaton
94%
KapitałKarol Marks
58%
Tako rzecze ZaratustraFriedrich Nietzsche
56%
KsiążęNiccolo Machiavelli
53%
Krytyka czystego rozumuImmanuel Kant
44%
Świat jako wola i przedstawienieArthur Schopenhauer
42%
Pochwała głupotyErazm z Rotterdamu
42%
Fenomenologia duchaGeorg Wilhelm Friedrich Hegel
36%
Umowa społecznaJean Jacques Rousseau
36%
UtylitaryzmJohn Stuart Mill
36%
Summa theologiaeŚw. Tomasz z Akwinu
36%
LeviathanThomas Hobbes
36%
EnneadyPlotyn
33%
Bojaźń i drżenieSøren Kierkegaard
33%
Bycie i czasMartin Heidegger
31%
UtopiaTomasz Morus
31%
Etyka w porządku geometrycznym dowiedzionaBaruch Spinoza
28%
Bunt masJose Ortega y Gasset
28%
Dociekania filozoficzneLudwig Wittgenstein
28%
Państwo bożeŚw. Augustyn z Hippony
28%
ProwincjałkiBlaise Pascal
25%
Główne nurty marksizmuLeszek Kołakowski
25%
O częściach zwierzątArystoteles
22%
Badania dotyczące rozumu ludzkiegoDavid Hume
22%
Novum OrganumFrancis Bacon
22%
MonadologiaGottfried Wilhelm Leibniz
22%
Metoda pozytywna w szesnastu wykładachAuguste Comte
19%
O duchu prawMonteskiusz
19%
Summa technologiaeStanisław Lem
19%
Traktat o dobrej robocieTadeusz Kotarbiński
19%
Żywoty i poglądy filozofówDiogenes Laertios
17%
Kłopot z istnieniemHenryk Elzenberg
17%
O naturze wszechrzeczyLukrecjusz
17%
PróbyMichel de Montaigne
17%
Archeologia wiedzyMichel Foucault
17%
Dzieje filozofii ZachoduBertrand Russell
14%
Medytacje kartezjańskieEdmund Husserl
11%
Resentyment a moralnośćMax Scheler
11%
Książeczka o człowiekuRoman Ingarden
11%
Principia EthicaGeorge Edward Moore
8%
Logika odkrycia naukowegoKarl Popper
8%
Zagadnienia i kierunki filozofiiKazimierz Ajdukiewicz
8%
Wykłady o istocie religiiLudwik Feuerbach
8%
Symbolika złaPaul Ricoeur
8%
Filozofia i wartościBogusław Wolniewicz
6%
Nowa teoria widzeniaGeorge Berkeley
6%
Nowe ŚredniowieczeMikołaj Bierdiajew
3%
O oświeconej niewiedzyMikołaj z Kuzy
3%
W poszukiwaniu prawdyNicolas Malebranche
3%
Etyka, czyli poznaj samego siebiePiotr Abelard
3%
Granice życia. Dylematy współczesnej etykiTadeusz Ślipko
3%

Rozkład punktacji

Percentyl według liczby udzielonych odpowiedzi

Procent ludzi z każdym wynikiem

Twoja historia wyników

Nie rozwiązałeś tego quizu